[Event "N4-Ronde1-CEA-ClermontFerrandEchecs-EC8"]
[Site "Aurillac"]
[Date "2015.10.04"]
[Round "1"]
[White "BRASSEUR Vincent"]
[Black "TEIL Anthony"]
[WhiteElo "1399"]
[BlackElo "1099"]
[Result "1-0"]

1. e4 c5 2. Nc3 Nf6 3. f4 d5 4. e5 Ng4 5. h3 d4 6. Ne4 f5 
7. Nxc5 Nh6 8. Qf3 Nc6 9. Bb5 e6 10. Bxc6+ bxc6 11. Nb3 Bb7 
12. Ne2 c5 13. Qxb7 Rb8 14. Qxa7 Qh4+ 15. g3 Qd8 16. Qa4+ 
Qd7 17. Qxd7+ 1-0